000
00327nam a2200145Ia 4500
008
230711s9999||||xx |||||||||||||| ||und||
041
_a
ENG
082
_a
720
_b
BA-O
100
_a
Bassagli,Mario
245
0
_a
Oriental Architecture
250
_a
1st
260
_c
1981
_a
New York
_b
Wendy W
650
_a
Architecture
942
_c
BK
999
_c
407
_d
407